000 00340 a2200169 4500
001 183928
020 _a85-08-02831-8
040 _cMagnum
100 _aVargas, Giselle
240 1 0 _aDia e noite
_lpor
245 1 0 _aDia e noite
300 _a13
362 0 _a2001
440 1 _aÁtica
697 _aLITERATURA INFANTIL
942 _cBK
999 _c183928
_d183928